header

The patriotism of despair (Record no. 127876)

MARC details
000 -LEADER
fixed length control field 01884nam a2200433Ia 4500
082 04 - DEWEY DECIMAL CLASSIFICATION NUMBER
Classification number 957/.3
100 1# - MAIN ENTRY--AUTHOR NAME
Personal name Ushakin, S.
245 14 - TITLE STATEMENT
Title The patriotism of despair
260 ## - PUBLICATION, DISTRIBUTION, ETC. (IMPRINT)
Place of publication Ithaca :
Name of publisher Cornell University Press,
Year of publication 2009.
300 ## - PHYSICAL DESCRIPTION
Number of Pages xi, 299 p. :
Other physical details ill.
490 1# - SERIES STATEMENT
Series statement Culture and society after socialism
Series statement Cornell paperbacks
650 #0 - SUBJECT ADDED ENTRY--TOPICAL TERM
Topical Term Post-communism
Topical Term Political culture
Topical Term Patriotism
Topical Term Social change
Topical Term Ethnology
856 40 - ELECTRONIC LOCATION AND ACCESS
Uniform Resource Identifier http://site.ebrary.com/lib/rucke/Doc?id=10457676

No items available.

© 2026 Rongo University
Contact us: librarian | system librarian | Rongo university